|
|
|
|
| LEADER |
00000nam0a2200000 4500 |
| 001 |
262340 |
| 005 |
20231101233638.0 |
| 010 |
|
|
|a 5020118397
|
| 020 |
|
|
|a RU
|b 88-48682
|
| 035 |
|
|
|a (RuTPU)RU\TPU\book\285323
|
| 090 |
|
|
|a 262340
|
| 100 |
|
|
|a 20140530d1988 k a0rusy5003 ca
|
| 101 |
0 |
|
|a rus
|
| 102 |
|
|
|a RU
|
| 105 |
|
|
|a a z 001zy
|
| 200 |
1 |
|
|a Автоматизация проектирования экономических информационных систем
|f В. М. Жеребин, А. Н. Романов, Б. Е. Одинцов
|g Академия наук СССР (АН СССР), Центральный экономико-математический институт (ЦЭМИ) ; под ред. Е. Г. Ясина
|
| 210 |
|
|
|a Москва
|c Наука
|d 1988
|
| 215 |
|
|
|a 174 с.
|c ил.
|
| 320 |
|
|
|a Библиогр.: с. 172-175 (115 назв.)
|
| 606 |
1 |
|
|a Экономическая информация
|x Обработка на вычислительных машинах
|2 stltpush
|3 (RuTPU)RU\TPU\subj\26574
|9 50470
|
| 610 |
1 |
|
|a экономика
|
| 610 |
1 |
|
|a базы данных
|
| 610 |
1 |
|
|a автоматизированные системы проектирования
|
| 610 |
1 |
|
|a обработка
|
| 610 |
1 |
|
|a вычислительные машины
|
| 610 |
1 |
|
|a проектирование
|
| 610 |
1 |
|
|a автоматизация
|
| 686 |
|
|
|a Ув6с51
|2 rubbk
|
| 700 |
|
1 |
|a Жеребин
|b В. М.
|g Всеволод Михайлович
|4 070
|
| 701 |
|
1 |
|a Романов
|b А. Н.
|g Анатолий Николаевич
|
| 701 |
|
1 |
|a Одинцов
|b Б. Е.
|g Борис Ефимович
|
| 702 |
|
1 |
|a Ясин
|b Е. Г.
|4 340
|
| 712 |
0 |
2 |
|a Академия наук СССР (АН СССР)
|b Центральный экономико-математический институт (ЦЭМИ)
|c (Москва)
|2 stltpush
|3 (RuTPU)RU\TPU\col\11797
|
| 801 |
|
0 |
|a RU
|b RuMRKP
|c 19950417
|g psbo
|
| 801 |
|
1 |
|a RU
|b 63413507
|c 20140530
|
| 801 |
|
2 |
|a RU
|b 63413507
|c 20220825
|g RCR
|
| 942 |
|
|
|c BK
|